| Tag |
First Indicator |
Second Indicator |
Subfields |
| LEADER |
00000cam a2200000 i 4500 |
| 001 |
in00005490521 |
| 003 |
OCoLC |
| 005 |
20240723130314.2 |
| 008 |
230928t20242024enka b 001 0 eng d |
| 024 |
8 |
|
|a 40032449488
|
| 040 |
|
|
|a YDX
|b eng
|e rda
|c YDX
|d YDX
|
| 020 |
|
|
|a 0192888560
|
| 020 |
|
|
|a 9780192888563
|q hardback
|
| 035 |
|
|
|a (OCoLC)1399563945
|
| 050 |
|
4 |
|a PR868.B63
|b P7 2024
|
| 082 |
0 |
4 |
|a 820.93561
|2 23
|
| 100 |
1 |
|
|a Prizel, Natalie,
|e author.
|
| 245 |
1 |
0 |
|a Victorian ethical optics :
|b innocent eyes and aberrant bodies /
|c Natalie Prizel.
|
| 264 |
|
1 |
|a Oxford :
|b Oxford University Press,
|c [2024]
|
| 264 |
|
4 |
|c ©2024
|
| 300 |
|
|
|a xv, 320 pages :
|b illustrations ;
|c 24 cm
|
| 336 |
|
|
|a text
|b txt
|2 rdacontent
|
| 337 |
|
|
|a unmediated
|b n
|2 rdamedia
|
| 338 |
|
|
|a volume
|b nc
|2 rdacarrier
|
| 504 |
|
|
|a Includes bibliographical references and index.
|
| 650 |
|
0 |
|a English literature
|y 19th century
|x History and criticism.
|
| 650 |
|
0 |
|a English literature
|y 19th century
|x Themes, motives.
|
| 650 |
|
0 |
|a Human body in literature.
|
| 650 |
|
0 |
|a Grotesque in literature.
|
| 650 |
|
0 |
|a Human figure in art
|x History
|y 19th century.
|
| 650 |
|
0 |
|a Grotesque in art.
|
| 945 |
|
|
|b 179755
|
| 947 |
|
|
|a A14851342312
|
| 980 |
|
|
|b print
|c 40032449488
|f NONFIC/B
|g 565714
|k USD
|m 84.00
|q 1
|s AcqMono Conventional
|t Approval plan
|u Vendor order reference number
|v ZYBP
|y Print approval
|z Physical resource
|
| 999 |
f |
f |
|i d6602bbd-eb8e-49be-9387-db109b64fcc7
|s ba4000ca-de01-48c2-83f3-deab9bc815e4
|t 0
|
| 952 |
f |
f |
|p normal
|a Texas A&M University
|b College Station
|c Sterling C. Evans Library
|s Evans stk
|d Evans: Library Stacks
|t 0
|e PR868.B63 P7 2024
|h Library of Congress classification
|i unmediated -- volume
|m A14851342312
|